Jeden z generácie

Bibliographic Details
Main Author: Hurajová, Františka (Author)
Format: Article
Language:Slovak
Subjects:

MARC

LEADER 00000nab a2200000 ar4500
001 vtls009477574
003 SK-MaSNL
005 20260304213543.0
008 090226c1973 xo |r|p|||||||000 b|slo
015 |a SNBRB1973 
038 |a SNKBUCL 
040 |a SNKBUCL  |b slo  |c SNKBUCL  |e AACR2 
041 |a slo 
044 |a xo  |c SK 
080 |a 75.071.1  |2 1997 
100 1 |a Hurajová, Františka  |4 aut  |9 420854 
245 1 0 |a Jeden z generácie  |c Fr. Hurajová 
600 1 7 |a Nemčík, Július,  |d 1909-1986  |2 snkbucl  |9 132897 
655 7 |a profily  |2 snkbucl  |9 341977 
773 0 |t Televízia  |g Č. 5 (1973), s. 11 
852 |a SNK  |b KIS3GCP 
958 |a BX 
999 |c 3136405  |d 3138335